Responses for show #4985 - Friday, April 21, 2006

Doug Dorst game 2.

Contestants

[<< previous game]

Jimmie Bise Jr., a police dispatcher and music student from Waldorf, Maryland

Sally Vaughn, a consultant from Jackson Hole, Wyoming

Doug Dorst, a writer and professor from Austin, Texas (whose 1-day cash winnings total $30,001)

[next game >>]

Jeopardy! Round responses

ANCIENT TIMES
SPORTS EVOLUTION
A BUG'S LIFE
ASTRONOMY ADD A LETTER
(Alex: And you must respond with a letter of the alphabet, not a word.)
RICHARD
THE SECOND...
    $200 6
China

Sally
    $200 1
St. Andrews

Sally
    $200 16
army ants

Doug
    $200 11
D (dearth)

Sally
    $200 21
(Sally: Who is Leakey?)
...
(Alex: Who is [*]? The other one, not the actor.)

Richard Burton

Sally
Triple Stumper
    $200 26
Jeb (Bush)

Sally
    $400 7
(Sally: Uh, who is Dionyses?)
(Alex: No.)
(Sally: Dionysius?)
(Alex: No.)
...
(Alex: Yes. No "I" in there, that's a different one.)

Dionysus

DougSally
    $400 2
brakes

Jimmie
    $400 17
a flea

Doug
    $400 12
H (marsh)

Jimmie
    $400 22
Roebuck

Doug
    $400 27
(Doug: [Exhales] Who is Kansas City?)
(Jimmie: Who are the Green Bay Packers?)
(Sally: Uh, who are the uh, um, Baltimore Colts?)
(Alex: No, correct response, who are the [*]? Remember Broadway Joe and his prediction?)

New York Jets

DougSallyJimmie
Triple Stumper
    $600 8
Rhodes

Jimmie
    $1,000 3
(Alex: Saw that in The Man Who Would Be King.)

polo

Jimmie
    $600 18
(Doug: What is a mouse?)

crickets

DougJimmie
    $600 13
I (Titian)

Jimmie
    $600 23
(1 of) Henry II & Eleanor of Aquitaine

Triple Stumper
    $600 28
the Gemini program

Sally
    $800 9
Buddhism

Sally
    $800 4
cannonballs

Sally
    $800 19
(Jimmie: What is a praying mantis?)
...
(Alex: What are those beautiful little [*]s? [*]. We love 'em.)

ladybug

Jimmie
Triple Stumper
    $800 14
P (IPO)

Jimmie
    $800 24
Richard Avedon

Doug
    $800 29
Michael Chertoff

Sally
    $1000 10
Cheops

Jimmie
    $1000 5
boxing

Jimmie
    $1000 20
(Jimmie: What is a locust?)
(Sally: What's a maggot?)

a beetle

SallyJimmie
Triple Stumper
    $1000 15
K (stark)

Jimmie
    $1000 25
Richard Lovelace

Triple Stumper
    $1000 30
The Sign of Four

Triple Stumper

Scores at the first commercial break (after clue 15):

Doug Sally Jimmie
$400 $1,800 $6,800

Scores at the end of the Jeopardy! Round:

Doug Sally Jimmie
$1,200 $1,800 $5,200

Double Jeopardy! Round responses

U.S. PRESIDENTS
"DON'T" YOU KNOW THIS SONG?
TITLES FROM SHAKESPEARE
FOR THE FASHIONISTA
FRANCE
4-LETTER FRIENDS
    $400 11
Bill Clinton

Doug
    $400 1
"Don't Cry For Me Argentina"

Sally
    $400 24
Julius Caesar

Jimmie
    $400 21
the '60s

Sally
    $400 16
newspapers

Jimmie
    $400 6
mate

Jimmie
    $800 12
(Doug: Who is Adams?)

Thomas Jefferson

Doug
Triple Stumper
    $800 2
"Don't Be Cruel"

Jimmie
    $800 25
Macbeth

Doug
    $800 22
(Alex: That was designer [*].)

Elie Saab

Triple Stumper
    $800 17
the World Cup

Jimmie
    $800 7
chum

Doug
    $3,000 13
(Richard) Nixon

Doug
    $1200 3
"Don't Speak"

Jimmie
    $1200 26
The Tempest

Jimmie
    $1200 23
Gabbana

Jimmie
    $3,000 18
(Jimmy: What is the French Constitution?)

the French National Anthem ("La Marseillaise")

Jimmie
    $1200 8
ally

Jimmie
    $1600 14
Wilson

Sally
    $1600 4
"Don't Let The Sun Go Down On Me"

Jimmie
    $1600 27
The Mousetrap (A Mousetrap accepted)

Doug
    $1600 29
Donatella Versace

Doug
    $1600 19
Burgundy

Sally
    $1600 9
peer

Jimmie
    $2000 15
(Alex: She's better known as Bess Truman. [*] was the president.)

Harry Truman

Triple Stumper
    $2000 5
"Don't Come Around Here No More"

Doug
    $2000 28
King Lear

Triple Stumper
    $2000 30
Ghost

Triple Stumper
    $2000 20
the Place de la Concorde

Sally
    $2000 10
(Sally: Uh...)

crew

SallyJimmie

Scores at the end of the Double Jeopardy! Round:

Doug Sally Jimmie
$10,600 $5,800 $15,000

[wagering suggestions for these scores]

Final Jeopardy! Round responses

FAMOUS OBJECTS
(Alex: This famous object had a name. It was called Koh-i-Noor, and it was [*].)
SallyWhat is a sapphire?
$5,700
DougWhat is a diamond
$10,600
JimmieWhat is Taj Ma
$6,201
a diamond

Final scores:

Doug Sally Jimmie
$21,200 $100 $8,799
2-day champion: $51,201 3rd place: $1,000 2nd place: $2,000

Game dynamics:

Coryat scores:

Doug Sally Jimmie
$8,800 $5,800 $17,600
12 R
(including 1 DD),
3 W
13 R,
5 W
22 R
(including 1 DD),
4 W
(including 1 DD)

Combined Coryat: $32,200

The J! Archive is created by fans, for fans. The Jeopardy! game show and all elements thereof, including but not limited to copyright and trademark thereto, are the property of Jeopardy Productions, Inc. and are protected under law. This website is not affiliated with, sponsored by, or operated by Jeopardy Productions, Inc. Join the discussion at JBoard.tv.